000 00401nam a2200181Ia 4500
005 20250423101351.0
008 250422s9999 xx 000 0 und d
020 _a978-1-85326-025-4
050 _aPA 4025 .A5 C4/
100 _aHomer
245 4 _aThe odyssey
260 _aLondon
260 _bWordsworth Classics
260 _c2002
300 _a488 p
650 _aLiterature
942 _cBK
999 _c36098
_d36098